| 000 | 00429nam a22000977a 4500 | ||
|---|---|---|---|
| 082 |
_a348.5491046 _bPAK |
||
| 245 |
_aPakistan Annual Law Digest 2011: _bdigest of cases reported in all the law journals published in Pakistan including Azad Jammu & Kashmir and Gilgit-Baltistan during the year / _cEdited Muhammad Anwar Khokhar and H.B. Tanvir |
||
| 260 |
_aLahore : _bPLD Publishers, _c2011. |
||
| 300 | _avolume | ||
| 942 |
_2ddc _cCR _s1 |
||
| 999 |
_c593057 _d593057 |
||